Normal view
MARC view
- Garg, G. D
Entry Personal Name
001 - CONTROL NUMBER
- control field: 87116
003 - CONTROL NUMBER IDENTIFIER
- control field: NUST
005 - DATE AND TIME OF LATEST TRANSACTION
- control field: 20211229150707.0
008 - FIXED-LENGTH DATA ELEMENTS
- fixed length control field: 211229|| aca||aabn | a|a d
040 ## - CATALOGING SOURCE
- Original cataloging agency: NUST
- Transcribing agency: NUST
100 ## - HEADING--PERSONAL NAME
- Personal name: Garg, G. D
670 ## - SOURCE DATA FOUND
- Source citation: Work cat.: (NUST)33208: Garg, G. D., A Textbook of Welding Technology /, 2011.
